Loading...
| Other | 0 | 3 | 0 | 1 | 30 | 55 | 91.00 | 1 | 3 |
| Literature - American Literature | 0 | 3 | 1 | 1 | 25 | 130 | 141.33 | 1 | 3 |
| Science - Other Science | 0 | 3 | 1 | 0 | 25 | 68 | 92.00 | 0 | 3 |
| History - Other History | 0 | 2 | 0 | 0 | 20 | 63 | 86.00 | 0 | 2 |
| History - European History | 0 | 2 | 0 | 0 | 20 | 59 | 102.00 | 0 | 2 |
| History - World History | 0 | 2 | 0 | 0 | 20 | 130 | 131.50 | 0 | 2 |
| Literature - British Literature | 0 | 2 | 0 | 1 | 20 | 129 | 134.50 | 0 | 2 |
| Social Science | 0 | 1 | 0 | 0 | 10 | 119 | 119.00 | 1 | 1 |
| Science - Physics | 0 | 1 | 0 | 1 | 10 | 125 | 125.00 | 0 | 1 |
| Mythology | 0 | 1 | 0 | 1 | 10 | 142 | 142.00 | 0 | 1 |
| Fine Arts - Other Fine Arts | 0 | 1 | 0 | 0 | 10 | 130 | 130.00 | 0 | 1 |
| Religion | 0 | 1 | 1 | 0 | 5 | 129 | 129.00 | 1 | 1 |
| History - American History | 0 | 1 | 2 | 0 | 0 | 110 | 110.00 | 0 | 1 |
| Philosophy | 0 | 0 | 0 | 0 | 0 | 0.00 | 0 | 0 | |
| Literature - European Literature | 0 | 0 | 1 | 0 | -5 | 0.00 | 0 | 0 | |
| Fine Arts - Painting & Sculpture | 0 | 0 | 1 | 0 | -5 | 0.00 | 0 | 0 | |
| Fine Arts - Classical Music | 0 | 0 | 1 | 0 | -5 | 0.00 | 0 | 0 | |
| Literature - World Literature | 0 | 0 | 1 | 0 | -5 | 0.00 | 0 | 0 |